000
00281nam a22001217a 4500
008
160507b xxu||||| |||| 00| 0 eng d
020
_a
9780495554455
020
_a
0495554456
041
_a
eng
080
_a
573
245
_a
Human heredity:
_c
Michael R. Cummings;
942
_2
udc
_c
BK
999
_c
1921
_d
1921